Quentin Tarantino Movie Trivia - Statistics

General Stats
  • This quiz has been taken 25,684 times
    12,417 since last reset
  • The average score is 11 of 21
Answer Stats
Question Answer % Correct
Who has starred in five Quentin Tarantino movies? Samuel L. Jackson
85%
Fill-in-the-blank Django. The D is {silent}.
71%
What do they call a Quarter Pounder with Cheese in Paris? Royale with Cheese
71%
Why do they call it that? {Metric} System
70%
Who is the only person to appear on-screen in more? Quentin Tarantino
68%
What "family" were the villains in "Once Upon a Time in Hollywood" The Manson Family
64%
What doesn't Mr. Pink normally do at a restaurant? Tip
58%
What type of drink costs $5 at Jack Rabbit Slim's? Milkshake
56%
What person's unflattering portrayal in "Once Upon a Time in Hollywood" caused the movie to be banned in China? Bruce Lee
55%
Who starred as Mr. Pink? Steve Buscemi
55%
And what is her assassin code name? (hint: Kobe Bryant) Black Mamba
54%
What is Sergeant Donny Donowitz also known as? The {Bear} Jew
51%
Fill-in-the-blank And I will strike down upon thee with great {vengeance}
48%
What is the name of Django's wife? {Broom}hilda
42%
In "Pulp Fiction", who only needs 10 minutes to get to a place that's 30 minutes away? The {Wolf}
41%
What is the name of Monsieur Candie's plantation? Candyland
40%
What song is being discussed at the beginning of "Reservoir Dogs"? Like a Virgin
38%
What director did Tarantino collaborate with for the double feature "Planet Terror"? Robert Rodriguez
35%
What is the Bride's real name? Beatrix Kiddo
31%
Who starred as Jackie Brown? Pam Grier
29%
Fill-in-the-blank Deadly {Viper} Assassination Squad
27%
No matching quizzes found
Score Distribution
Percent of People with Each Score
Percentile by Number Answered
Your Score History
You have not taken this quiz since the last reset